[Event "3rd Sharjah Masters 2019"]
[Site "Sharjah"]
[Date "2019.03.28"]
[Round "7.8"]
[White "Firouzja, Alireza"]
[Black "Vignesh, N R"]
[Result "1-0"]
[WhiteElo "2657"]
[BlackElo "2476"]
[Annotator "TA"]
[PlyCount "101"]
[EventDate "2019.03.22"]
[EventType "swiss"]
[EventCountry "UAE"]
[SourceTitle "playchess.com"]
[Source "ChessBase"]
[SourceQuality "1"]

{[%evp 18,101,25,19,43,18,43,29,25,22,27,21,32,34,40,38,49,45,64,34,58,68,59,57,72,87,69,35,42,33,39,32,61,53,53,55,45,50,49,43,41,26,38,25,49,16,5,0,0,0,0,0,0,0,0,0,14,16,14,14,39,44,228,205,260,297,306,302,300,306,328,291,324,293,379,373,494,483,491,488,629,629,5397,5006,29977,29978]} 1. e4 e5 2. Nf3 Nc6 3. Bb5 Nf6 4. d3 d6 5. c3 Bd7 6. O-O g6 7. Re1 Bg7 8. Nbd2 {[%cal Bb1d2,Bd2f1,Bf1e3,Be3d5][%mdl 32]} O-O 9. a4 {C66: Ruy Lopez: Steinitz Defence} (9. Ba4 Nh5 10. Nf1 Kh8 11. h3 f5 12. exf5 gxf5 13. d4 e4 14. Ng5 Nf6 15. d5 Ne5 16. Bxd7 Qxd7 {1-0 (42) Caruana,F (2804)-Kramnik,V (2812) Paris 2016}) 9... a6 10. Bc4 $1 {LiveBook: 3 Games} h6 11. Nf1 {White is slightly better.} Re8 $146 ({Predecessor:} 11... Qe7 12. Ng3 Be6 13. a5 Bxc4 14. dxc4 Qe6 15. b3 Ne7 16. h3 Nd7 {½-½ (31) Luetke,J (2326)-Semina,S (2182) Germany 2005}) 12. Qb3 Qe7 13. a5 ({Avoid the trap} 13. Qxb7 $2 Rab8 $19) 13... Rab8 14. Ne3 Be6 15. Nd5 Qd8 16. Be3 g5 17. Nd2 Qc8 18. Ra4 Ne7 19. Nxe7+ Rxe7 20. Rb4 c6 {White should prevent ...d5.} 21. Bxe6 Qxe6 22. Qxe6 fxe6 23. Nc4 Rd8 24. f3 g4 25. fxg4 Nxg4 26. Bb6 Rdd7 27. Rf1 Rf7 28. Rxf7 Kxf7 29. h3 Nf6 30. Bf2 {[#] Strongly threatening Rxb7!} Ne8 31. g4 Kg6 32. Kg2 h5 33. Be3 hxg4 34. hxg4 Bh6 35. Bxh6 Kxh6 $11 {[%mdl 4096] Endgame KRN-KRN} 36. Kg3 Kg5 37. Nd2 Nf6 38. Nf3+ Kg6 39. c4 c5 $2 ({Black should try} 39... Nh7 $14) 40. Rb6 $18 Ne8 41. b4 cxb4 42. c5 ({Less strong is} 42. Rxb4 Rc7 $16) 42... Kg7 43. cxd6 Nxd6 {...Nb5 is the strong threat.} 44. Rxb4 ({Worse is} 44. Nxe5 Nb5 $14) 44... Nf7 {[#]} 45. Rb3 $1 Rc7 46. g5 {[%cal Bg4g5,Bg5g6][%mdl 32]} Nd8 47. Nxe5 Rc5 48. d4 Rxa5 49. Rc3 Ra4 50. Rc7+ Kg8 51. g6 {Precision: White = 69%, Black = 33%.} 1-0

[Event "3rd Sharjah Masters 2019"]
[Site "Sharjah"]
[Date "2019.03.28"]
[Round "7.9"]
[White "Zubov, Alexander"]
[Black "Vishnu, Prasanna. V"]
[Result "1/2-1/2"]
[WhiteElo "2605"]
[BlackElo "2524"]
[Annotator "TA"]
[PlyCount "61"]
[EventDate "2019.03.22"]
[EventType "swiss"]
[EventCountry "UAE"]
[SourceTitle "playchess.com"]
[Source "ChessBase"]
[SourceQuality "1"]

{[%evp 9,61,-23,-19,-14,-12,-32,-9,-3,-5,-5,0,0,0,0,0,0,4,2,8,3,3,11,0,0,7,11,3,0,0,0,8,7,11,0,19,0,0,0,0,0,0,0,0,0,2,0,0,0,0,0,0,0,0,-20]} 1. d4 d5 2. c4 dxc4 3. Nf3 Nf6 4. Qa4+ Nbd7 5. Qxc4 e6 6. Nc3 {D23: Queen's Gambit Accepted: 3 Nf3 Nf6 sidelines} (6. Bg5 a6 7. e4 h6 8. Bh4 b5 9. Qc6 Rb8 10. Bxf6 gxf6 11. Nbd2 Bb7 12. Qc2 c5 13. d5 c4 14. Be2 {1-0 (40) Yuffa,D (2563)-Lysyj,I (2631) Cheliabinsk 2018}) 6... c5 7. Be3 {[%cal Rd4c5]} b6 $146 ({Predecessor:} 7... Nb6 8. Qb3 c4 9. Qc2 Bb4 10. Bg5 Bd7 11. Nd2 Rc8 12. e3 O-O {0-1 (46) Gonzalez Zamora,J (2375)-Alonso Garcia,R (2355) Holguin 1991}) 8. g3 {The position is equal.} Bb7 9. Bg2 Rc8 10. O-O cxd4 11. Qxd4 Bc5 12. Qf4 O-O 13. Bxc5 Rxc5 14. Rfd1 Qb8 15. Qxb8 Rxb8 16. Rd4 Kf8 17. Rad1 Ke7 18. Ne1 Bxg2 19. Kxg2 Rbc8 20. f4 Rc4 21. Kf3 e5 22. R4d2 exf4 23. gxf4 g5 24. fxg5 Ne5+ 25. Kf2 Nfg4+ 26. Kg1 {[#] Black must now prevent Nd5+.} Ne3 $1 {[%cal Re3d1]} 27. Nd5+ Nxd5 28. Rxd5 Rg4+ 29. Kh1 Rxg5 30. h4 Rh5 31. Nf3 {Accuracy: White = 60%, Black = 63%.} 1/2-1/2

[Event "3rd Sharjah Masters 2019"]
[Site "Sharjah"]
[Date "2019.03.28"]
[Round "7.10"]
[White "Aditya, Mittal"]
[Black "Idani, Pouya"]
[Result "1-0"]
[WhiteElo "2454"]
[BlackElo "2604"]
[Annotator "TA"]
[PlyCount "75"]
[EventDate "2019.03.22"]
[EventType "swiss"]
[EventCountry "UAE"]
[SourceTitle "playchess.com"]
[Source "ChessBase"]
[SourceQuality "1"]

{[%evp 13,75,36,33,22,26,25,19,0,9,10,14,20,15,19,76,43,38,44,80,103,91,-24,-1,-8,-4,0,25,29,25,18,35,28,75,58,114,114,115,115,169,132,247,225,256,251,366,352,337,332,333,309,716,700,685,573,562,551,1151,1135,1201,1131,2584,2181,1701,1672]} 1. d4 Nf6 2. c4 g6 3. Nc3 d5 4. cxd5 Nxd5 5. Bd2 Bg7 6. e4 Nb6 7. Be3 O-O 8. Bb5 {D85: Exchange Grünfeld: Unusual White 7th moves and lines with 7 Nf3} Be6 9. Nf3 Bg4 10. a4 $146 {[%cal Ba2a4,Ba4a5][%mdl 32] The position is equal.} ({Predecessor:} 10. Qd2 Nc6 11. Ne2 Bd7 12. Bh6 Ne5 13. Bxg7 Kxg7 14. Nxe5 Bxb5 15. Nc3 Ba6 {½-½ (30) Ghaem Maghami,E (2594)-Ragger,M (2644) Tromsoe 2014}) 10... Bxf3 (10... a5 {feels hotter.} 11. e5 Nc6 12. Be2 Nb4 13. O-O c6) 11. gxf3 a6 12. Be2 e6 13. a5 N6d7 (13... Nc8 $11 {keeps the balance.}) 14. Qd2 Nc6 15. d5 Ne7 16. dxe6 fxe6 17. Bc4 (17. O-O-O $16 Nf6 18. Qc2) 17... Ne5 $11 18. Bxe6+ Kh8 19. O-O-O Nxf3 20. Qxd8 Rfxd8 21. Nd5 $36 {[%mdl 2048] White has some pressure.} Nxd5 22. exd5 Ne5 23. b3 Rf8 (23... Nf3 $14) 24. f4 $16 Nf7 {[#]} 25. h4 $1 Bf6 (25... Rae8 $16 {was called for.}) 26. Rdg1 {Strongly threatening h5.} Kg7 (26... Nd8 $16 {was worth a try.}) 27. f5 Rad8 28. Rg2 c6 (28... Rde8 $142 29. Kb1 Nd6) 29. h5 $18 g5 {[#]} 30. h6+ $1 {[%mdl 512]} Kh8 (30... Nxh6 31. Rgh2) 31. Bc5 Ne5 $2 (31... cxd5 32. Bxf8 Rxf8 33. Bxd5 Nd6) 32. Bxf8 {White is clearly winning.} Rxf8 33. d6 Rd8 34. Rd1 g4 35. Kb1 Bg5 36. Re2 Nf3 37. d7 Bxh6 38. f6 {Accuracy: White = 60%, Black = 25%.} 1-0

[Event "3rd Sharjah Masters 2019"]
[Site "Sharjah"]
[Date "2019.03.28"]
[Round "7.11"]
[White "Gupta, Abhijeet"]
[Black "Nguyen, Anh Khoi"]
[Result "1/2-1/2"]
[WhiteElo "2602"]
[BlackElo "2484"]
[Annotator "TA"]
[PlyCount "129"]
[EventDate "2019.03.22"]
[EventType "swiss"]
[EventCountry "UAE"]
[SourceTitle "playchess.com"]
[Source "ChessBase"]
[SourceQuality "1"]

{[%evp 25,129,31,35,26,40,44,35,19,36,4,5,-9,27,2,22,16,17,22,8,0,26,15,8,7,24,20,26,20,21,22,29,0,0,0,0,0,0,0,0,-71,-61,-98,-106,-128,-127,-127,-127,-127,-127,-120,-118,-127,-127,-127,-127,-204,-127,-127,-127,-127,-9,-9,0,-34,-34,-34,-34,-34,-34,-35,-34,-35,0,-35,-35,-35,-35,-35,-35,-35,0,-9,-9,-34,-34,-34,-34,-34,0,0,0,-34,0,-34,-34,-34,-34,-34,-34,-34,0,0,0,0,0,0]} 1. d4 Nf6 2. c4 e6 3. g3 c5 4. Nf3 cxd4 5. Nxd4 d5 6. Bg2 e5 7. Nf3 d4 8. O-O Nc6 9. e3 Be7 10. exd4 exd4 11. Bf4 O-O 12. Ne5 Nxe5 13. Bxe5 Bc5 14. Nd2 {E01: Catalan: Early deviations} Re8 (14... Ng4 15. Bf4 g5 16. Nb3 gxf4 17. Nxc5 fxg3 18. hxg3 Qd6 19. Ne4 Qh6 20. Re1 Be6 21. Qxd4 Rad8 22. Qc5 f5 23. Nc3 Rc8 24. Qe7 Qh2+ 25. Kf1 Bxc4+ {0-1 (37) Gelfand,B (2729)-Inarkiev,E (2702) Nazran 2017}) 15. Bxf6 Qxf6 16. Ne4 {White is slightly better.} Qb6 17. Qh5 Be7 18. b3 Be6 $146 ({Predecessor:} 18... a5 19. Rad1 a4 20. Rfe1 Be6 21. c5 Qb4 22. bxa4 Bxa2 23. Qe5 Rad8 24. Qc7 Rc8 25. Qd7 Be6 26. Qxd4 {½-½ (26) Vogel,J (2179)-Heemskerk,W (2252) Dieren 2012}) 19. Rad1 Rad8 20. Ng5 Bxg5 $1 21. Qxg5 h6 22. Qh5 Re7 23. Rd2 a5 24. Rfd1 Red7 25. Be4 a4 26. Rd3 axb3 27. axb3 Qc7 28. Kg2 b6 29. f4 {Black must now prevent f5.} Rd6 30. f5 Bc8 31. Qf3 Ba6 32. Kh3 (32. Qf4 $11) 32... b5 $17 33. Bd5 bxc4 34. bxc4 {[#]} Rxd5 $1 {[%mdl 512]} 35. cxd5 Bxd3 36. Rxd3 {[%mdl 4096] Endgame KQR-KQR} Qe5 37. Rd2 Rxd5 38. Re2 Qxf5+ 39. Qxf5 Rxf5 {KR-KR} 40. Re8+ Kh7 41. Rd8 Rf2 42. Rxd4 f5 (42... h5 $17 43. g4 hxg4+ 44. Kxg4 Rf1) 43. g4 $1 $11 f4 44. Rd5 Re2 45. g5 h5 46. Rd4 Rf2 47. Rd6 Ra2 48. Rd4 Rf2 49. Rd6 f3 50. Rd3 Kg6 51. Kg3 Rg2+ 52. Kh3 $1 Rf2 53. Kg3 Rf1 54. Kf4 f2 55. Rd6+ $1 Kf7 {[#] ( -> ...Re1)} 56. Rd2 Ke6 57. Re2+ Kf7 58. Ra2 h4 59. Kf3 Kg6 60. Kg2 Rg1+ 61. Kxf2 Rxg5 62. Kf3 h3 63. Ra4 {The position is equal.} Rg2 64. Rg4+ Rxg4 65. Kxg4 {Accuracy: White = 71%, Black = 65%.} 1/2-1/2

[Event "3rd Sharjah Masters 2019"]
[Site "Sharjah"]
[Date "2019.03.28"]
[Round "7.12"]
[White "Sadhwani, Raunak"]
[Black "Pichot, Alan"]
[Result "1/2-1/2"]
[WhiteElo "2455"]
[BlackElo "2584"]
[Annotator "TA"]
[PlyCount "122"]
[EventDate "2019.03.22"]
[EventType "swiss"]
[EventCountry "UAE"]
[SourceTitle "playchess.com"]
[Source "ChessBase"]
[SourceQuality "1"]

{[%evp 9,122,13,20,8,8,6,18,0,15,0,15,-12,-25,-41,-14,-27,12,-14,0,0,16,14,19,0,0,0,0,0,0,0,0,0,0,0,0,0,0,0,0,0,0,0,55,49,51,0,5,0,0,0,0,0,0,0,0,0,0,0,0,-8,-8,-5,-5,-8,-8,-8,-8,-8,-8,-8,-8,-8,-8,-15,0,-8,0,0,0,0,0,0,0,0,0,0,0,0,0,0,0,0,0,0,0,0,0,0,0,0,0,0,0,0,0,0,0,0,0,0,0,0,0,0,0]} 1. d4 d5 2. Nc3 Bf5 3. f3 e6 4. Bf4 Bd6 5. Bxd6 Qxd6 6. e4 {D00: 1 d4 d5: Unusual lines} Bg6 7. Qd2 (7. e5 Qd8 8. h4 h6 9. Nge2 Ne7 10. Nf4 a6 11. Bd3 Bxd3 12. Qxd3 {0-1 (32) Bortnyk,O (2552)-Grachev,B (2652) Minsk 2015}) 7... Nc6 $146 ({Predecessor:} 7... Nd7 8. O-O-O Ne7 9. h4 h6 10. h5 Bh7 11. e5 Qb6 {1-0 (32) Lugovskoy,M (2458)-Kutynec,V (2322) Pardubice 2016}) 8. O-O-O O-O-O 9. h4 h5 10. Nge2 dxe4 11. fxe4 Qb4 12. a3 Qe7 13. g3 Nf6 14. Bg2 Nxd4 15. Nxd4 e5 16. Nd5 Nxd5 17. exd5 {[#] Strongly threatening Qe3.} exd4 18. Qxd4 Rhe8 19. Qxa7 {Hoping for Qa8+.} Qe3+ 20. Qxe3 Rxe3 21. Bh3+ Kb8 22. Rhg1 Re2 23. Rg2 Rde8 24. d6 cxd6 25. Rxd6 Kc7 ({Black should try} 25... Rxg2 $11 26. Bxg2 Re1+ 27. Kd2 Rg1) 26. Rd7+ $14 Kc6 27. Rd2 ({White should play} 27. Rd4 $14) 27... Re1+ $11 {The position is equal.} 28. Rd1 R8e2 $1 29. Bd7+ Kc7 30. Rxe2 Rxe2 {[%mdl 4096] Endgame KRB-KRB} 31. Ba4 Rg2 32. Rd7+ Kc8 33. Re7 Rxg3 34. Bb3 Rf3 35. Bd5 Rf2 36. c4 ({Reject} 36. Bxb7+ Kd8 $17) 36... Rc2+ 37. Kd1 Rxb2 38. Bxf7 Bxf7 39. Rxf7 {KR-KR} Rg2 40. c5 Rg4 41. Kd2 g5 42. Rf5 Rxh4 {[#] ...Rg4 is the strong threat.} 43. Rxg5 Kc7 44. Kc3 Kc6 45. Kb3 Kb5 46. a4+ Kc6 47. Rf5 Rh1 48. Kc4 Rc1+ 49. Kd4 h4 50. Rh5 Ra1 51. Rh6+ Kc7 52. Rh7+ Kc8 53. Rh8+ Kd7 54. Rh7+ Kc6 55. Rh6+ Kc7 56. Rh7+ Kb8 57. Kc4 Rh1 58. Kb3 h3 59. Kb2 h2 60. Ka2 Kc8 61. Kb2 Kb8 {Accuracy: White = 68%, Black = 71%.} 1/2-1/2

[Event "3rd Sharjah Masters 2019"]
[Site "Sharjah"]
[Date "2019.03.28"]
[Round "7.13"]
[White "Le, Quang Liem"]
[Black "Sundararajan, Kidambi"]
[Result "1-0"]
[WhiteElo "2715"]
[BlackElo "2413"]
[Annotator "TA"]
[PlyCount "77"]
[EventDate "2019.03.22"]
[EventType "swiss"]
[EventCountry "UAE"]
[SourceTitle "playchess.com"]
[Source "ChessBase"]
[SourceQuality "1"]

{[%evp 9,77,23,32,20,16,27,73,70,65,59,68,69,77,83,82,79,73,72,81,47,39,46,89,101,94,101,101,100,120,108,129,101,148,141,173,158,142,150,162,152,152,125,138,133,217,238,356,365,345,321,285,208,418,314,316,311,308,285,280,223,253,270,643,641,602,600,1139,1128,1073,1062]} 1. Nf3 d5 2. g3 g6 3. Bg2 Bg7 4. d4 c6 5. O-O Nh6 (5... Nf6 6. b3 O-O 7. Bb2 Bf5 8. c4 Ne4 9. e3 Nd7 10. Qe2 a5 11. Nc3 Nxc3 12. Bxc3 Be4 13. cxd5 cxd5 14. Qb5 Qc7 15. Rfc1 Qc6 16. Qe2 Qd6 17. Qb5 Qc6 18. Qe2 Qd6 19. Qb5 Qc6 {½-½ (19) Howell,D (2689)-Fressinet,L (2649) Batumi 2018}) 6. c3 {D02: 1 d4 d5 2 Nf3 sidelines, including 2...Nf6 3 g3 and 2...Nf6 3 Bf4} O-O 7. Nbd2 {[%cal Bb1d2,Bd2e4,Be4c5,Bc5d3,Bd3b4,Bb4c6][%mdl 32]} Nf5 8. e4 {White is better.} dxe4 9. Nxe4 Nd7 10. Re1 Nf6 $146 ({Predecessor:} 10... Nb6 11. b3 Re8 12. Bb2 Qc7 13. c4 {1-0 (66) Stockmann,M (2175)-Schmitzer,K (2305) Hessen 1998}) 11. Nc5 b6 12. Nd3 Bb7 13. Nfe5 Qc8 14. Nb4 {[%cal Rb4c6]} c5 15. Nbc6 Nd7 16. Nxd7 Qxd7 17. d5 Rfe8 18. Bf4 Nd6 19. a4 Bf6 20. g4 g5 {[#]} 21. Bg3 $1 a6 22. h3 b5 23. Qb3 Kg7 24. Re2 h5 25. Rae1 hxg4 26. hxg4 c4 (26... bxa4 $16 27. Qxa4 a5) 27. Qc2 Rac8 (27... bxa4 $142 28. Bf3 (28. Qxa4 Rh8 $16) 28... a3 29. bxa3 Nb5) 28. Ne5 Qd8 29. axb5 axb5 30. Qd2 Rc5 $2 (30... b4 31. cxb4 Ba6) 31. Nc6 Bxc6 32. dxc6 {[#] And now Bxd6 would win.} Nc8 33. Qe3 Qb6 34. Rd2 b4 35. Rd7 bxc3 $2 (35... Rb5 36. Rb7 Qxe3 37. Rxe3 Rb6 38. cxb4 Bxb2) 36. Rb7 $18 {White is clearly winning.} Qa5 37. Bc7 Qa4 38. Qxc5 cxb2 39. Be5 {Accuracy: White = 78%, Black = 42%.} 1-0

[Event "3rd Sharjah Masters 2019"]
[Site "Sharjah"]
[Date "2019.03.28"]
[Round "7.14"]
[White "Saurabh Anand"]
[Black "Sargissian, Gabriel"]
[Result "0-1"]
[WhiteElo "2385"]
[BlackElo "2689"]
[Annotator "TA"]
[PlyCount "112"]
[EventDate "2019.03.22"]
[EventType "swiss"]
[EventCountry "UAE"]
[SourceTitle "playchess.com"]
[Source "ChessBase"]
[SourceQuality "1"]

{[%evp 12,112,6,0,-8,-17,-6,-10,0,-45,-33,-75,-53,-79,-78,-112,-110,-153,-151,-137,-130,-183,-179,-205,-202,-204,-210,-196,-216,-218,-201,-208,-178,-212,0,-186,-163,-175,-109,-156,-104,-109,-103,-110,-106,-121,-121,-133,-123,-127,-127,-175,-127,-132,-124,-162,-160,-180,-179,-184,-177,-299,-305,-303,-292,-290,-292,-358,-345,-393,-333,-441,-440,-535,-504,-10551,-12847,-29937,-12378,-29965,-29965,-6444,-1822,-4043,-2441,-29977,-29978,-29978,-29979,-29979,-29980,-29983,-29982,-29982,-29983,-29983,-29984,-29984,-29985,-29987,-29988,-29988,-29989]} 1. e4 c6 2. d4 d5 3. e5 Bf5 4. h4 h5 5. c4 e6 6. Nc3 Ne7 7. Bg5 Qb6 {B12: Caro-Kann: Advance Variation} 8. Qd2 Nd7 9. Nf3 f6 {The position is equal.} 10. exf6 (10. Be3 {is interesting.} Bg4 11. Nh2 Bf5 12. Nf3) 10... gxf6 11. Be3 Qa5 $146 ({Predecessor:} 11... Rg8 12. g3 Qa5 13. c5 b6 14. cxb6 Nxb6 15. Ne4 Qxd2+ 16. Nexd2 {0-1 (39) Gelashvili,T (2547)-Asrian,K (2591) Batumi 2002}) 12. cxd5 Nxd5 13. Nxd5 Qxd5 14. Bd3 Rg8 15. Bxf5 Qxf5 16. O-O-O (16. Kf1 $17 {is a better defense.}) 16... Rxg2 $19 17. Qe2 Nb6 18. Rhg1 Rxg1 19. Rxg1 Nd5 20. a3 O-O-O 21. Nd2 Bd6 22. Nc4 Bf8 $2 {[#]} (22... Bf4 $19 {White must now prevent ...Qh3.} 23. Qc2 Bc7) 23. Rg8 $2 (23. Nd2 $1 $11 {and White has nothing to worry.}) 23... Qh7 24. Rg1 Be7 (24... Qe4 $19 25. Nd2 Qxh4) 25. Qc2 $17 Qxc2+ 26. Kxc2 Rh8 27. Rg7 Kd7 28. Kd3 b6 29. Bd2 Ke8 30. Ne3 Kf8 31. Nxd5 exd5 {[%mdl 4096] Endgame KRB-KRB} 32. Rg1 Kf7 33. f3 c5 34. dxc5 bxc5 ({Don't play} 34... Bxc5 35. Rc1 $17) 35. Be3 a5 {[%cal Ba7a5,Ba5a4][%mdl 32]} 36. Kc2 (36. Rc1 $142 Rc8 37. b4) 36... a4 $19 37. Rd1 Rd8 38. Bf2 Rd7 39. Be3 d4 40. Bf2 Rb7 41. Rd3 Ke6 42. Rd1 Rb3 43. Rd3 (43. Re1+ $142 Kf7 44. Rh1) 43... Rxd3 44. Kxd3 {KB-KB} Kd5 45. Bg3 c4+ 46. Kc2 f5 (46... d3+ $142 47. Kd2 Bc5) 47. Kd2 Bf6 48. Kc2 d3+ {Black mates.} 49. Kc1 c3 50. bxc3 Bxc3 51. Bf2 Kc4 52. Bg3 Kb3 53. Bd6 Bb2+ 54. Kd2 Bxa3 55. Bf4 Bb2 56. Bd6 Kc4 {Accuracy: White = 35%, Black = 86%.} 0-1

[Event "3rd Sharjah Masters 2019"]
[Site "Sharjah"]
[Date "2019.03.28"]
[Round "7.15"]
[White "Ganguly, Surya Shekhar"]
[Black "Sukandar, Irine Kharisma"]
[Result "1-0"]
[WhiteElo "2633"]
[BlackElo "2381"]
[Annotator "TA"]
[PlyCount "71"]
[EventDate "2019.03.22"]
[EventType "swiss"]
[EventCountry "UAE"]
[SourceTitle "playchess.com"]
[Source "ChessBase"]
[SourceQuality "1"]

{[%evp 16,71,22,27,75,64,87,46,60,56,68,62,187,187,177,180,182,185,187,188,190,169,210,210,206,184,252,251,252,250,243,238,352,347,350,281,350,343,343,337,352,360,414,402,407,400,382,393,520,483,506,471,550,545,623,613,684,680]} 1. Nf3 Nf6 2. g3 d5 3. Bg2 e6 4. O-O c5 5. c4 Nc6 6. d4 dxc4 7. dxc5 Qxd1 8. Rxd1 Bxc5 9. Nbd2 Ke7 {E04: Open Catalan: 5 Nf3} (9... c3 10. bxc3 O-O 11. Nb3 Be7 12. c4 Bd7 13. Bb2 Rfd8 14. Nfd4 Rab8 15. Nxc6 Bxc6 16. Rxd8+ Rxd8 17. Bxc6 bxc6 18. Bxf6 Bxf6 19. Rc1 g5 20. c5 Kf8 {1-0 (36) Giri,A (2780)-Wojtaszek,R (2749) Shenzhen 2018}) 10. Nxc4 Ne4 11. Be3 (11. e3 {looks sharper.} Nd6 12. Nxd6 Bxd6 13. Nd2 Rd8 14. Nc4) 11... Bxe3 {White is slightly better.} 12. Nxe3 Bd7 13. Nc4 Rab8 $146 {[#]} ({Better is} 13... Rhd8 $14) ({Predecessor:} 13... Nf6 14. Nfe5 Rac8 15. Nxd7 Nxd7 16. Nd6 Rc7 17. Nxb7 {½-½ (103) Nikolaou,G (2231)-Koliopoulos,K (2237) Athens 2012}) 14. Rxd7+ $1 $18 {[%mdl 512]} Kxd7 15. Nfe5+ Nxe5 16. Nxe5+ Ke7 {Strongly threatening ...Nd6.} 17. Bxe4 f6 18. Nc4 b6 19. f4 Rbc8 20. b3 h5 (20... Rc5 {was worth a try.} 21. a4 g5) 21. h4 Rhd8 22. a4 Rc5 23. Kf2 g5 (23... Rd4 $142) 24. hxg5 fxg5 25. Rh1 gxf4 26. gxf4 Rf8 27. Ke3 Rg8 28. Ne5 Rc3+ 29. Bd3 Rxb3 30. Rxh5 Rg7 31. Nc6+ Kd6 32. Nd4 {White is clearly winning.} Rb4 33. Rh6 {[#] Black must now prevent Nf5+.} Rg3+ 34. Ke4 Rxa4 35. Rxe6+ Kc7 36. Bb5 {Accuracy: White = 92%, Black = 26%.} 1-0

[Event "3rd Sharjah Masters 2019"]
[Site "Sharjah"]
[Date "2019.03.28"]
[Round "7.16"]
[White "Laxman, R.R."]
[Black "Adly, Ahmed"]
[Result "1/2-1/2"]
[WhiteElo "2425"]
[BlackElo "2611"]
[Annotator "TA"]
[PlyCount "137"]
[EventDate "2019.03.22"]
[EventType "swiss"]
[EventCountry "UAE"]
[SourceTitle "playchess.com"]
[Source "ChessBase"]
[SourceQuality "1"]

{[%evp 18,137,25,-19,-18,-22,-22,-17,0,-15,0,0,0,0,0,-27,-25,-43,-33,-24,-28,-46,-42,-40,-29,-40,-29,-47,0,0,0,-29,-29,-29,-29,-29,0,0,0,-14,0,0,18,20,37,18,4,19,23,0,0,-51,-51,-49,0,0,0,0,0,0,0,0,0,0,0,0,0,0,0,0,0,0,0,0,0,0,0,0,0,0,0,0,0,0,0,0,0,0,0,0,0,0,0,-8,0,0,0,0,0,-8,8,8,8,8,8,8,8,8,8,8,8,8,8,8,8,0,0,0,8,0,0,0]} 1. d4 Nf6 2. Nf3 e6 3. Bg5 Be7 4. Nbd2 c5 5. c3 d5 6. e3 Nbd7 7. Bd3 b6 8. Ne5 Nxe5 9. dxe5 Nd7 10. Bf4 g5 {D03: 1 d4 d5 2 Nf3 Nf6 3 Bg5, including Torre Attack with early ...d5} (10... Qc7 11. Nf3 Bb7 12. Qe2 h6 13. h4 O-O-O 14. O-O-O Kb8 15. Kb1 c4 16. Bc2 Nc5 17. Nd4 a6 18. h5 {0-1 (33) Lai,H (2392)-Brink,B (2309) Amsterdam 2017}) 11. Bg3 h5 12. h3 Bb7 13. c4 d4 $146 ({Predecessor:} 13... h4 14. Bh2 dxc4 15. Be4 Qc7 16. Qf3 Bxe4 17. Qxe4 O-O-O {½-½ (17) Diaz,H (2110)-Figueroa,O (1965) Guatemala City 1996}) 14. Be4 Qc7 15. Qf3 O-O-O 16. Bxb7+ Qxb7 17. O-O-O Qxf3 18. gxf3 Nb8 (18... h4 $5 19. Bh2 $8 Nb8 $11) 19. Ne4 Nc6 20. Rhg1 Rdg8 {[%cal Bd8g8,Bg8g6,Bg6h6][%mdl 32]} 21. Kc2 Rg6 22. a3 g4 23. hxg4 hxg4 24. f4 Rgh6 25. Kd3 Rh3 26. Ke2 Kc7 27. b4 dxe3 ({Much weaker is} 27... cxb4 $6 28. exd4 Nd8 29. d5 $16) 28. bxc5 Bxc5 29. fxe3 Bxa3 30. Ng5 a5 31. Nxf7 Rg8 32. Ng5 {[%mdl 64] [#] Double Attack} Rh6 33. Rh1 Rgg6 34. e4 (34. Nf7 $11 Rh3 35. Rhg1) 34... Rxh1 $15 35. Rxh1 Be7 36. Rh7 {The position is equal.} a4 $1 {[%cal Ra4a3] White should prevent ...a3.} 37. Nxe6+ Rxe6 38. f5 a3 39. fxe6 $11 {[%mdl 4096] Endgame KRB-KBN} a2 40. Rh1 Nd4+ {[%mdl 64] [#] Double Attack} 41. Kd3 Nb3 42. Kc3 a1=Q+ 43. Rxa1 Nxa1 44. Kb2 Kc6 45. Kxa1 {KB-KB} Kc5 46. Bf2+ Kxc4 47. Bxb6 g3 48. Kb2 Kd3 49. Bg1 Bg5 50. Kb3 Be7 51. Kb2 Bg5 52. Kb3 Be7 53. Kb2 Kxe4 54. Kc3 Bg5 55. Kc4 g2 (55... Kxe5 $5 56. Kd3 $8 Kxe6 $11) 56. Kc3 Kxe5 57. Kd3 Kxe6 58. Ke4 Be3 59. Kxe3 {aiming for Kf2. KB-KP} (59. Bxe3 Kf6 $18) 59... Kf5 60. Kf3 Ke6 61. Ke4 {Strongly threatening Bh2.} ({Weaker is} 61. Kxg2 Kd6 $18) 61... Kf6 62. Kd5 {Ke4 is the strong threat.} Kf5 63. Kd4 Kf4 64. Kd3 Kf3 65. Kd2 $1 {[%cal Rd2e1] Black must now prevent Ke1.} Kf4 66. Kd3 {Threatens to win with Ke2.} Kf3 67. Kd2 Kf4 68. Kd3 {Hoping for Ke2.} Kf3 69. Kd2 {Accuracy: White = 70%, Black = 42%.} 1/2-1/2

[Event "3rd Sharjah Masters 2019"]
[Site "Sharjah"]
[Date "2019.03.28"]
[Round "7.17"]
[White "Chanda, Sandipan"]
[Black "Priyanka Nutakki"]
[Result "1-0"]
[WhiteElo "2534"]
[BlackElo "2297"]
[Annotator "TA"]
[PlyCount "77"]
[EventDate "2019.03.22"]
[EventType "swiss"]
[EventCountry "UAE"]
[SourceTitle "playchess.com"]
[Source "ChessBase"]
[SourceQuality "1"]

{[%evp 12,77,1,0,0,-3,21,31,16,22,43,53,33,22,64,73,64,47,48,59,132,63,75,33,30,39,38,26,26,31,22,22,72,41,103,100,100,112,106,115,105,116,147,146,135,131,161,160,175,156,168,152,169,158,289,262,363,356,864,845,935,931,29982,29983,29981,29981,29981,29982]} 1. e4 e6 2. d4 d5 3. e5 c5 4. c3 Nc6 5. Nf3 Qb6 6. a3 f6 7. b4 c4 {C02: French: Advance Variation} 8. Be3 Nge7 $146 {[#]} ({Predecessor:} 8... Bd7 9. Nbd2 Qc7 10. b5 Na5 11. a4 O-O-O 12. g3 Ne7 13. h4 h5 14. Qc2 Be8 15. Bh3 {1-0 (58) Polgar,J (2685)-Caruana,F (2791) Dubai 2014}) 9. Bxc4 $1 {[%mdl 512]} dxc4 {White is slightly better.} 10. d5 $1 Qc7 11. dxc6 Qxc6 12. Nbd2 Bd7 13. O-O f5 14. Bc5 Qd5 $1 15. Qe2 b5 (15... Qd3 $14 16. Qxd3 cxd3) 16. Rfd1 (16. a4 $1 $16) 16... Qb7 $1 $14 17. Ng5 Nd5 18. Bxf8 {Bc5 is the strong threat.} Nf4 $1 {[%csl Gf4][%cal Rb7g2]} 19. Qf3 Qxf3 20. Ndxf3 Rxf8 21. Rd6 h6 {[#]} 22. g3 $1 $36 {[%mdl 2048] White has good play.} Ne2+ (22... hxg5 $14 23. gxf4 gxf4) 23. Kf1 $16 Nxc3 24. Nxe6 Bxe6 25. Rxe6+ Kf7 {[#]} 26. Ra6 $1 Rfe8 27. Rc1 Ne4 28. a4 {[%mdl 64] Overworked Piece} bxa4 29. Rxc4 Re7 30. Rxa4 Rd8 31. Kg2 Rd3 {White must now prevent ...Rxf3!} 32. Rc2 g5 (32... Rdd7 $16 {was called for.} 33. Ra5 g5) 33. Ra6 $18 Kg7 34. Rcc6 g4 $2 (34... Nd2) 35. Nh4 Rf7 36. e6 Rb7 37. Nxf5+ {White mates.} Kf6 38. e7+ Kf7 39. Rxh6 {Accuracy: White = 80%, Black = 41%.} 1-0